000
00282nam a22001217a 4500
082
_a
515.07 RED'A
100
_a
REDDICK, H.W
_9
60038
245
_a
ADVANCED MATHEMATICS FOR ENGINEER'S
250
_a
2ND
260
_a
NEWYORK
_b
JOHN WILEY & SONS
_c
1947
300
_a
508
942
_c
BK
999
_c
569877
_d
569877